| 000 | 00985cam a22003015a 4500 | ||
|---|---|---|---|
| 001 | 17841712 | ||
| 005 | 20201128023635.0 | ||
| 008 | 130806s2013 enka frb 001 0 eng d | ||
| 020 | _a9780230303157 (pbk.) | ||
| 020 | _a0230303153 (pbk.) | ||
| 040 |
_aDLC _cDLC _beng _dEG-ScBUE |
||
| 082 | 0 | 4 |
_222 _a301 _bBEI |
| 245 | 0 | 0 |
_aBeing sociological / _cedited by Steve Matthewman, Catherine Lane West-Newman and Bruce Curtis. |
| 250 | _a2nd ed. | ||
| 260 |
_aBasingstoke : _bPalgrave Macmillan, _c2013. |
||
| 300 |
_axiv, 431 p. : _bill. ; _c24 cm. |
||
| 500 | _aPrevious ed.: 2007. | ||
| 500 | _aIncludes online resources available. | ||
| 500 | _aIndex : p. 415-431. | ||
| 504 | _aIncludes bibliographical references. | ||
| 650 | 7 |
_aSociology. _2BUEsh _9718 |
|
| 651 | _2BUEsh | ||
| 653 |
_bBUSADM _cFebruary2016 |
||
| 700 | 1 |
_aMatthewman, Steve, _eeditor. |
|
| 700 | 1 |
_aWest-Newman, Catherine Lane, _d1942- _eeditor. |
|
| 700 | 1 |
_aCurtis, Bruce, _d1961- _eeditor. |
|
| 942 | _2ddc | ||
| 999 |
_c21184 _d21156 |
||